[Event "EU-ch 2nd"]
[Site "Ohrid"]
[Date "2001.06.03"]
[Round "3"]
[White "Gershon, Alik"]
[Black "Aleksandrov, Aleksej"]
[Result "1/2-1/2"]
[WhiteElo "2539"]
[BlackElo "2610"]
[Annotator "Golod,V"]
[PlyCount "42"]
[EventDate "2001.06.01"]
[EventType "swiss"]
[EventRounds "13"]
[EventCountry "YUG"]
[SourceTitle "CBM 084"]
[Source "ChessBase"]
[SourceDate "2001.09.13"]
[SourceVersion "1"]
[SourceVersionDate "2001.09.13"]
[SourceQuality "1"]

1. d4 Nf6 2. c4 e6 3. Nc3 Bb4 4. Qc2 O-O 5. a3 Bxc3+ 6. Qxc3 b6 7. Bg5 Bb7 8.
e3 c5 (8... d6 $5 {See comments to Seirawan,Y-Gelfand,B/Istanbul,2000/CBM80(1/
2-1/2)(Golod,V)(67)}) 9. dxc5 {Besides,white has two principales options:} (9.
Nf3 {You can see comments to Ivanchuk,V-Beliavsky,A/Batumi,1999/CBM 74(1/2-1/2)
(Golod,V)(36)}) ({and} 9. f3) 9... bxc5 10. f3 Nc6 ({Is a possible
continuation of the play:} 10... a5 $5 11. Nh3 d6 $5 (11... h6 {You can see
comments to Lautier,J-Karpov,A/Las Palmas,1994/CBM 42(1-0)(Lautier)(31)}) 12.
Rd1 Ra6 13. Be2 Nbd7 14. O-O h6 15. Bh4 a4 16. Bg3 e5 17. Rd2 {+/=/=
Radziewicz,I-Javakhishvili,L/Patras,2001 (1-0)(57)}) 11. O-O-O $1 {Boris
Gelfand makes the following comments in CBM 69 to this move(in annotation to
game:Gelfand,B-Epishin,V/Belgrade,1999 (1-0)(Gelfand,B)(34)) : "Now it is
difficult to get rid of unpleasant pin on h4-d8 diagonal,as after h6 White
Would take on f6 immidiately and have at least 1 tempo more,compared to
theoretical position.Funny enough I analyzed this idea in 1989 together with
IM L.Basin,but had to wait almost 10 years to give it a try".} (11. Nh3 $143 {
See comments to Gulko,B-Aleksandrov,A/ Groningen,1997/CBM 63 (1/2-1/2)(Psakhis,
L)(27)}) 11... Ne4 $6 {On my sight,black do not receive sufficient
indemnification for pawn "d7".} ({It deserves attention:} 11... Rc8 12. Bxf6
gxf6 13. Kb1 d5 14. cxd5 Ne7 $1 15. e4 exd5 16. Qxf6 Rc6 $44 {Campos Gambuti,
L-Rodriguez,A/Buenos Aires,1993(0-1)(34)}) ({and} 11... Rb8 {See comments to
Gelfand,B-Epishin,V/Belgrade,1999/CBM 69 (1-0) (Gelfand,B)(34) :}) 12. fxe4
Qxg5 13. Rxd7 $14 Rab8 {Hardly it is possible to offer the best move.} 14. Nf3
Qg6 $5 $146 {[%mdl 8]} ({Was checked in the previous games:} 14... Qg4 $5 15.
Bd3 (15. e5 $6 Rfd8 16. Qd2 Rxd7 17. Qxd7 Na5 18. Qc7 Rc8 19. Qxa5 Bxf3 20. Qe1
Be4 $44 {Kelecevic,N-Gerber,R/SUI,1996(1/2-1/2)(42)}) 15... e5 16. Rd5 {
[%csl Rc5,Re5]} Qxg2 $6 (16... Nd4 $5 $14) 17. Rf1 Rbd8 18. Rxc5 f5 19. exf5 e4
20. Ne1 Qxh2 21. Bc2 $16 {Granda Zuniga,J-Adla,D/Santa Cruz,1995(1-0)(24)}) 15.
Bd3 Bc8 ({Impossibly:} 15... Qxg2 $4 {in view of:} 16. Rg1 $18 {[%csl Gc3,Gg1,
Rg7]}) (15... Rfd8 16. Rxd8+ Rxd8 17. Rd1 $14 {[%cal Gd1d2]}) 16. Rc7 $5 ({
Also good enough:} 16. Rd6 Rb6 17. Kb1 $14 (17. Rxc6 $4 Rxc6 $140 18. Ne5 Qxg2
{[%csl Rh1]}) (17. Qd2 $6 {[%cal Yd2g2] /\Bc2 <->d;} Nb4 $1 18. Rxb6 Nxd3+ 19.
Qxd3 axb6 $44)) 16... Rb6 $5 ({Good interestingly:} 16... e5 $5 17. Nxe5 $140
Nxe5 18. Qxe5 Qxg2 19. Rf1 Be6 20. Rxc5 Rb3 $132) ({Dubiously:} 16... Bb7 17.
Rd1 $16 {[%csl Rg2][%cal Yd2g2,Yd1d2]}) 17. Rd1 {[%cal Yd1d2,Yd2g2]} ({Again
does not pass:} 17. Rxc6 $4 Rxc6 $140 18. Ne5 Qxg2 {[%csl Rh1]}) 17... e5 {
[%csl Rc7,Rg2][%cal Gg6d6,Gg6g2] All the same it was necessary so to play!} ({
Senselessly:} 17... Bb7 {because of:} 18. Bc2) 18. Nxe5 Nxe5 19. Qxe5 Qxg2 20.
Rxc5 $1 ({After:} 20. Rxa7 $6 Bg4 21. Rf1 {[%cal Ga7f7] /\22.Raxf7 Rxf7 23.Qe8+
} Bf3 $1 22. Qc3 Bxe4 23. Rd1 Rd6 $132 {black has a good compensation behind a
pawn.}) 20... Bg4 21. Rd2 ({Badly:} 21. Re1 $2 {in view of:} Qf2 {[%csl Rb2,
Re1,Gf2]} 22. Qc3 $8 Rb3 $1 $13) 21... Qg1+ {The contenders have agreed to a
drawn game in a position with obvious advantage at white.} (21... Qg1+ 22. Kc2
Qxe3 (22... Rfb8 $2 23. b4 Qxe3 $140 24. Qg3 $1 $18 {[%csl Re3,Rg4]}) 23. b4 {
[%cal Ge5g3]} (23. Qg5 $143 Qg1 $1 $44 {[%csl Rc2,Rc5,Gg1][%cal Gh7h6]}) 23...
Ra6 24. Qg5 Qf3 25. Kb2 $16) 1/2-1/2

[Event "SWE-ch"]
[Site "Skara"]
[Date "2002.07.14"]
[Round "13"]
[White "Hillarp Persson, Tiger"]
[Black "Agrest, Evgenij"]
[Result "0-1"]
[WhiteElo "2460"]
[BlackElo "2584"]
[Annotator "Golod,V"]
[PlyCount "100"]
[EventDate "2002.06.30"]
[EventType "tourn"]
[EventRounds "13"]
[EventCountry "SWE"]
[EventCategory "9"]
[SourceTitle "CBM 091"]
[Source "ChessBase"]
[SourceDate "2002.11.12"]
[SourceVersion "1"]
[SourceVersionDate "2002.11.12"]
[SourceQuality "1"]

1. d4 Nf6 2. c4 e6 3. Nc3 Bb4 4. Qc2 d6 5. Nf3 Nbd7 6. g3 c5 {Hardly it is
possible to name successful- this move. } (6... b6 $5 {[%csl Gb4,Re4][%cal
Gc8b7,Gb7e4,Gf6e4] You can see comments to games:Greenfeld,A-Kurajica,B/
Belgrade,1999/CBM 69(1-0)(Golod,V)(43) and Ivanisevic,I-Bogdanovski,V/Skopje,
2002/CBM 88(1-0)(Golod,V)(62)}) (6... O-O $143 7. Bg2 e5 8. O-O $14) 7. Bg2 O-O
8. O-O a6 $146 {[%csl Ya6,Rb5][%cal Ya6b5] Preventive move.Black take under
the control a point "b5".} ({Were checked in the preceding game:} 8... Qe7 9.
Rd1 a6 10. a3 Bxc3 11. Qxc3 Re8 12. b4 e5 13. dxc5 dxc5 14. Bb2 $14 {Soppe,
G-Giaccio,A/Cordoba,1998(1/2-1/2)(73)}) 9. Rd1 {Besides,white has another
principal move:} (9. a3 $5 Bxc3 10. Qxc3 {[%csl Gc1,Gg2]}) 9... Qc7 10. a3 Bxc3
({After:} 10... Ba5 $2 11. dxc5 dxc5 $8 12. Ne4 $1 $16 {The black bishop on
"a5" is outside of game.}) 11. Qxc3 Re8 {Thus black are protected from threat:
12.dxc5 dxc5 13.Bf4 e5.} 12. b3 b6 {[%mdl 16]} 13. Bb2 Bb7 14. Rac1 Rac8 15. b4
$5 {/\15.dxc5 and black can not take pawn "c5" by the knight.} ({Looks rather
logically:} 15. Qe3 $5 {[%csl Rd6][%cal Ge3f4]}) 15... cxb4 16. axb4 Qb8 17.
Qa3 Rc7 18. Bh3 ({In my opinion,it was a little better:} 18. b5 {[%csl Ra6,Rd6]
} axb5 19. cxb5 Rec8 20. Rxc7 (20. Qxd6 $4 Rxc1 {[%csl Rd1,Rd6]}) 20... Qxc7
21. Rc1 Qb8 22. Rxc8+ Bxc8 23. Nd2 {[%csl Rd6][%cal Gd2c4]} Qc7 24. Qc3 $14)
18... h6 19. Qa1 $5 {White provoke the contender on exchange of the last
bishop and changes in the pawns structure.} ({Can be recommended:} 19. Nd2 $14)
19... Bxf3 20. exf3 Qb7 21. f4 d5 22. c5 b5 23. Rc3 $14 ({Is a possible
continuation of the play:} 23. Re1 {<->e,/\f5}) 23... Nh7 24. Re1 Ra8 25. f5 $6
{The a little bit hasty decision.} (25. Bc1 $142 {><g5;/\f5}) 25... Ng5 26. Bg2
Nf6 27. fxe6 ({Pretty dubiously:} 27. h4 $6 Nge4 28. Rf3 Re7 $11) 27... Nxe6
28. Rce3 Qc6 29. f3 (29. Re5 $5 {[%csl Rd5] /\Qc1,h3,g4 and so on.}) 29... Rf8
30. Bc3 Qa8 31. Qb1 {White work extremely slowly and black have time to be
reconstruct pieces and to receive counterplay.} Nd8 {[%csl Yd8][%cal Yd8c6]}
32. g4 Nc6 33. Qf5 ({Black also gets a counterplay,after:} 33. g5 $5 hxg5 34.
Qf5 a5 $132) 33... a5 $1 $132 34. bxa5 b4 35. Ba1 $2 ({It was possible to put
the bishop little bit closer:} 35. Bb2 $5 Nxa5 $140 36. R3e2 Nc4 37. Bc1 $13 {
[%csl Rf6][%cal Gc1h6]}) 35... Nxa5 {[%cal Ga5c4]} 36. f4 (36. g5 $143 hxg5 37.
Qxg5 Nc4 $36 {[%csl Ra1,Gb4][%cal Gc7a7]}) (36. R3e2 $5 Nc4 $140 37. f4 $15 {
[%cal Gg4g5]}) 36... Nc4 37. R3e2 Ra7 38. g5 hxg5 ({Also good enough:} 38...
Rxa1 39. gxf6 Rxe1+ 40. Rxe1 Re8 {[%csl Gb4,Rg1]}) 39. fxg5 Ne4 40. Rxe4 $140
g6 $1 (40... dxe4 $143 41. Bxe4 g6 42. Qf1 $132) 41. Qf6 $6 (41. Qf4 $142 Rxa1
42. Re7 b3 {=/+/-/+}) 41... dxe4 ({Also immediately leads to big advantage:} 
41... Rxa1 $1 42. R4e2 (42. Rh4 $4 Rxe1+ 43. Kf2 (43. Bf1 Rxf1+ 44. Kxf1 Ne3+
45. Ke2 Qa2+ 46. Kxe3 Re8+ $19 {[%csl Ga2,Re3,Ge8]}) 43... Qa2+ 44. Kg3 (44.
Kxe1 $2 Qd2+ 45. Kf1 Ne3+ 46. Kg1 Qxg2#) 44... Qa3+ 45. Bf3 Qxf3+ $1 46. Qxf3 (
46. Kxf3 Rf1+ {[%csl Gf1,Rf3,Rf6]}) 46... Re3 {[%csl Ge3,Rf3,Rg3]}) 42... b3
$17 {[%cal Gb3b2]}) 42. d5 ({Loses right away:} 42. Bxe4 $2 {in view of:} Rxa1
43. Bxa8 $140 Rxe1+ 44. Kf2 Rxa8 $1 (44... Re6 $2 45. Qf3 {[%csl Yf3][%cal
Yf3a8]}) 45. Kxe1 b3 46. Qc6 Ra1+ 47. Ke2 b2 $19) 42... Rxa1 43. Qxa1 (43. Rxa1
$142 Qxd5 {[%csl Rc5]} 44. c6 Re8 {-/+/-+}) 43... Qxd5 44. Rxe4 b3 $1 $19 {
[%cal Gb3b2]} ({After:} 44... Qxc5+ $2 {white equalizes:} 45. Qd4 $1 Qxd4+ 46.
Rxd4 Rc8 47. Bd5 Nb6 48. Bb3 Rc5 49. h4 Rb5 50. Kg2 $11) 45. Qd4 Qxd4+ 46. Rxd4
b2 47. Rd1 (47. Be4 Re8 {[%cal Ge8e4]} 48. Bc2 (48. Bd3 $144 Re3) 48... Re2 49.
Bd3 Ne5 $19) 47... Rc8 (47... Nd2 $142 48. Bb7 {[%cal Gc5c6,Gc6c7]} (48. Bh3
Ra8 49. c6 Ra1) 48... Re8 49. c6 Re7 $19 {[%csl Ye7]}) 48. Be4 (48. c6 $143 Nd2
{[%csl Gb2,Yd2][%cal Gb2b1]}) (48. Rb1 $143 Rxc5 {[%csl Rg5][%cal Gc5g5,Gc5a5,
Ga5a1]} 49. Bf1 Rxg5+ 50. Kf2 (50. Bg2 Ra5) (50. Kh1 Nd2 {[%csl Rb1,Rf1]})
50... Nd2 51. Rxb2 Rf5+ {[%csl Rf1]}) 48... Rxc5 49. Kf2 (49. h4 Na3 {[%cal
Gc5c1]}) 49... Na3 50. h4 (50. Rd8+ Kg7 51. Rb8 Rb5 52. Rxb5 Nxb5 53. Ke3 Nc3
54. Bd3 b1=Q 55. Bxb1 Nxb1 $19) 50... Rc4 {[%csl Re4,Rh4][%cal Gc4c1]} 0-1

[Event "Tan Chin Nam Cup 8th"]
[Site "Qingdao"]
[Date "2002.07.04"]
[Round "2"]
[White "Nguyen, Anh Dung"]
[Black "Shabalov, Alexander"]
[Result "1-0"]
[WhiteElo "2517"]
[BlackElo "2624"]
[Annotator "Golod,V"]
[PlyCount "69"]
[EventDate "2002.07.04"]
[EventType "swiss"]
[EventRounds "9"]
[EventCountry "CHN"]
[SourceTitle "CBM 091"]
[Source "ChessBase"]
[SourceDate "2002.11.12"]
[SourceVersion "1"]
[SourceVersionDate "2002.11.12"]
[SourceQuality "1"]

1. d4 Nf6 2. c4 e6 3. Nc3 Bb4 4. Qc2 O-O 5. a3 Bxc3+ 6. Qxc3 Ne4 7. Qc2 f5 8.
Nh3 d6 9. f3 Nf6 10. e3 e5 11. dxe5 (11. Be2 $5 {See comments to Sergienko,
S-Volzhin,A/Samara,2000/CBM 78(1/2-1/2)(Golod,V)(39)}) 11... dxe5 12. Be2 ({
Is a possible continuation of the play:} 12. Nf2 Nc6 13. b4 f4 $5 $132 {
See comments to Ward,C-Adams,M/Southend,2001/CBM 83(1/2-1/2)(Golod,V)(34)})
12... c5 $5 {It is typical reception in this PP structure.Besides,black has
two principales moves:} (12... Qe7 $5 {Alterman,B} 13. O-O a5 14. b3 Nc6 15.
Nf2 Be6 16. Bb2 Nd7 {+/=/=}) ({and} 12... a5 13. O-O Nc6 14. Rd1 Qe7 15. b3 h6
16. Nf2 Be6 17. Qc3 Nd7 18. Bb2 f4 19. Bf1 $14 {You can see comments to
Alterman,B-Gofshtein,L/Israel,1999/CBM 69(1-0)(Alterman,B)(46)}) 13. O-O ({
It was interestingly:} 13. f4 {/^a1-h8} Nc6 14. O-O Qe7 15. Bd2 Bd7 16. Rae1
Ne4 17. Bf3 {+/=/= Baburin,A-Hansen,S/Copenhagen,1999(1-0)(70)}) 13... Nc6 ({
It deserves attention:} 13... Qe7 14. b4 Nc6 15. b5 Nd8 16. Re1 (16. Nf2 $5)
16... a6 17. Bf1 axb5 18. cxb5 b6 $11 {Nicoara,M-Gervais,C/Bescanon,1999(1/2-1/
2)(72)}) 14. Nf2 Be6 $146 {In my opinion,it was better to not define a
position of the bishop.} ({Was checked in the previous games:} 14... a5 $5 {
[%csl Ya5,Yc5]} 15. b3 b6 16. Bb2 Ra7 17. Rfd1 Rd7 18. Rxd7 Qxd7 19. Rd1 Qe7
20. Bf1 {+/=/=} h6 21. Rd2 Rd8 22. Rxd8+ Qxd8 23. Bd3 Qd7 24. h3 Qe6 {1/2-1/2
Gelfand,B-De Firmian,N/Malmo,1999(24)}) (14... Qe7 $5 15. Rd1 Bd7 16. Bd2 f4 $5
{[%csl Rd4]} 17. Bd3 g5 $132 {Alvarado Ascanio,F-De Firmian,N/Las Palmas,1999
(0-1)(56)}) 15. b3 Qe7 16. Bb2 a5 {[%csl Ya5,Yc5] Black take under the control
a point "b4" as in game:Gelfand,B-De Firmian,N/Malmo,1999} 17. Rfd1 a4 $1 {
The unexpected,but absolute correct decision.} (17... Rad8 $143 18. Rxd8 Rxd8
19. Bd3 $36 {[%csl Rf5]}) 18. bxa4 Nd7 $6 {[%csl Ra4][%cal Gd7b6]} ({Looks
more logically:} 18... Ra7 $5 {[%csl Ra4][%cal Gf8a8]}) 19. Rab1 $14 {[%csl
Gb1,Rb6][%cal Yd7b6]} f4 $2 {[%csl Rd4][%mdl 16384] Alexander Shabalov want to
occupy a point "d4", but hopelessly weaken a poin "e4".} ({Also pretty
dubiously:} 19... Qg5 {in view of:} 20. f4 exf4 21. Nh3 Qh6 22. Nxf4 $16) ({
Again it was better:} 19... Ra7 {[%csl Ra4][%cal Gf8a8]} 20. f4 $14) 20. exf4
Rxf4 (20... exf4 $143 21. Bd3 h6 (21... Qh4 22. Be4 $16) 22. Bh7+ Kh8 23. Be4
$16) 21. Bd3 Rh4 {[%csl Yh4,Rh7][%cal Yh4h7] It's original way of protection
of the pawn "h7".} 22. Re1 Rh5 23. Be4 $16 Rf8 ({Weakly:} 23... Nd4 {because
of:} 24. Bxd4 cxd4 25. Rxb7 $16) 24. Ng4 {[%csl Re5]} Kh8 ({Probably,it was a
little better:} 24... Qh4 25. Qf2 Qxf2+ (25... Bxg4 $143 26. Qxh4 Rxh4 27. fxg4
$18 Rxg4 $140 28. Bd5+ Kh8 29. Be6 {[%csl Rd7,Rg4]}) 26. Nxf2 Bxc4 27. Bc1 $16
{[%csl Rb7]}) 25. Bxc6 bxc6 26. Rbd1 Qh4 {"Shot in emptiness".} (26... Bxg4 27.
fxg4 Rg5 28. h3 {[%csl Ga3,Ga4,Rc5,Rc6,Re5]}) 27. h3 {[%csl Yh3]} Qg3 28. Qf2
Qf4 ({After:} 28... Qxf2+ 29. Kxf2 {[%csl Re5][%cal Gd1d6] white save a big
advantage in the endgame}) (28... Rxh3 29. Qxg3 Rxg3 30. Bxe5 Nxe5 31. Nxe5 $18
) 29. Re4 Qg5 ({Also black carry material losses,after:} 29... Qf7 30. Nxe5 (
30. a5 $5) 30... Nxe5 31. Bxe5 Bxc4 32. Qg3 $1 {[%csl Rg7][%cal Ge4f4,Ge4c4]} (
32. Qxc5 $143 {[%csl Rf8][%cal Gd1d7]} Bd5 33. Rf4 Rf5 34. Rxf5 Qxf5 35. a5 {
+/-/+-}) 32... Rg8 (32... Bd5 $2 33. Rf4 Qe7 34. Qxg7+ $1 Qxg7 35. Rxf8+) {
[%tqu "En","?Please enter the best move for white.","It is necessary to use a
weakness of the black king!","It is necessary to use a bad position of the
black bishop!","e5g7","",10]} 33. Bxg7+ $1 Rxg7 (33... Qxg7 34. Qxg7+ Kxg7 35.
Rxc4 $18) 34. Rd8+ Rg8 35. Rxg8+ Qxg8 36. Rg4 $18 {[%csl Rc4,Rh8][%cal Gg3b8,
Gg4c4]}) 30. Bxe5 Bf5 ({Loses right away:} 30... Bxg4 {because of:} 31. Bxg7+
$1 Qxg7 $8 (31... Kxg7 32. Rxg4 {[%csl Rg5,Rg7]}) 32. Rxg4 Qf7 $140 33. Rxd7 $1
Qxd7 34. Qb2+ {[%csl Rh8]}) 31. Ree1 $18 Bxg4 32. hxg4 Nxe5 33. gxh5 h6 (33...
Nxf3+ $2 34. Qxf3 Rxf3 35. Re8+) 34. f4 Rxf4 (34... Qxh5 $144 35. fxe5 $1 Rxf2
36. Kxf2 Qf7+ 37. Kg1 Qe6 38. Rd6 Qxc4 39. e6 Qh4 40. Re2 Qe7 41. Rd7 Qe8 42.
e7 {[%csl Ge7][%cal Gd7d8]}) 35. Rd8+ {After this move black resigns,because
of next variants:} (35. Rd8+ Qxd8 (35... Kh7 36. Qc2+ Qf5 $8 (36... Rf5 $2 37.
Rxe5) (36... g6 $2 37. Rxe5 Qxe5 38. Qxg6#) 37. Qxf5+ Rxf5 38. Re4 {[%csl Ga4]
[%cal Ga4a5]}) 36. Qxf4 Nd3 37. Rd1 $18) 1-0